000 00538nmm a2200193Ia 4500
008 251105s9999||||xx |||||||||||||||||und||
020 _a9788416523702
041 _aspa
100 _aTidhar, Lavie
245 0 _aUn hombre sueña despierto
264 _a[Madrid, España] :
_bKailas Editorial,
_c2017
300 _a328 páginas
490 _aFicción
650 _aSpanish narrative
700 _aTidhar, Lavie
700 1 _a Barruetabeña Díez, Puerto
856 _uhttps://public.digitaliapublishing.com/a/87269
942 _cCF
999 _c71941
_d71941